El Archivo Histórico de la Provincia de Buenos Aires /
Guardado en:
| Autor Principal: | |
|---|---|
| Formato: | Libro |
| Idioma: | Spanish |
| Publicado: |
La Plata :
Taller de Impresiones Oficiales,
1941.
|
| Series: | Publicaciones del Archivo Histórico de la Provincia de Buenos Aires. Archivos históricos de la Provincia de Buenos Aires ;
3 |
| Materias: | |
| Etiquetas: |
Agregar Etiqueta
Sin Etiquetas, Sea el primero en etiquetar este registro!
|
| LEADER | 01082nam a22002175a 4500 | ||
|---|---|---|---|
| 001 | EUN.eunm004311 | ||
| 005 | 20121107111616.0 | ||
| 008 | 041125s1941####ag#a##########000#0#spa#d | ||
| 082 | 0 | 4 | |a 982.1 |2 15 |
| 100 | 1 | |a Torre Revello, José, |d 1893-1964. | |
| 245 | 1 | 3 | |a El Archivo Histórico de la Provincia de Buenos Aires / |c por José Torre Revello. |
| 260 | |a La Plata : |b Taller de Impresiones Oficiales, |c 1941. | ||
| 300 | |a iv p., 28 p. : |b il. ; |c 27 cm. | ||
| 490 | 1 | |a Publicaciones del Archivo Histórico de la Provincia de Buenos Aires. Los archivos históricos de la provincia de Buenos Aires ; |v III | |
| 610 | 2 | 7 | |a Archivo Histórico de la Provincia de Buenos Aires Dr. Ricardo Levene. |2 Catalis Autoridades. |
| 650 | 7 | |a Historia. |2 unbist | |
| 650 | 7 | |a Archivos. |2 unbist | |
| 651 | 7 | |a Argentina. |2 unbist | |
| 830 | 0 | |a Publicaciones del Archivo Histórico de la Provincia de Buenos Aires. |p Archivos históricos de la Provincia de Buenos Aires ; |v 3 | |
| 859 | |a AR-BaUNS |b BIB. CENTRAL - Sector C |h 982.1 |i T635 |p 1136/956 | ||
| 859 | |a AR-BaUNS |b BIB. CENTRAL - Sector C |h 982.1 |i T635 |p 629/952 |t Ej. 2 | ||
